000 00715nam a22002654a 4500
001 UByD003382
003 AR-LpoUNG
005 20241126143636.0
008 241126s2012 ag ||||| |||| 00| 0 spa d
020 _a9789870400639
040 _aAR-LpoUNG
_bspa
_cAR-LpoUNG
_eaacr
041 0 _aspa
082 0 _a808.068 3 441luc
100 1 _aSantis, Pablo de
245 1 0 _aLucas Lenz y el museo del universo
250 _a3ra. ed.
260 _aBuenos Aires :
_bAlfaguara,
_c2012.
300 _a93 p. :
_bil.
505 _aSugerido a partir de 12 aƱos (etiqueta FUCSIA).
650 4 _aLITERATURA
650 4 _aNARRATIVA
653 0 _aLITERATURA INFANTOJUVENIL
700 1 _aO' Kif
_eil.
942 _2ddc
_cLIB
999 _c66058
_d66058